00448 a2200109 450000500170000002000210001708200210003824501080005926000590016730000580022670000540028420250519144709.0 a978-9976-60-5921 aLECT 338.096 ECO aThe economic of Mainland Tanzania into the 200s: Productivity, Human Capital, And other Leading Issues. aDar es Salaam,bDar es Salaam University Press,c2016. aix, 198p.: ill.; charts, graph, figure, table.c24cm, aRWEGASIRA, D. & MBELLE, A. & AIKAELI, J.